Regiones transfronterizas: conceptos y experiencias internacionales /

Con la finalidad de entender qué son y cómo se conforman las regiones fronterizas, se revisan los estudios especializados en el análisis del tema, para después evaluar la experiencia tanto europea como estadounidense, todo ello con el objetivo de identificar asuntos clave para la formulación de polí...

Ausführliche Beschreibung

Gespeichert in:
Bibliographische Detailangaben
1. Verfasser: Polendo Garza, José
Weitere Verfasser: Aguilar Barajas, Ismael
Format: Text
Schlagworte:
Tags: Tag hinzufügen
Keine Tags, Fügen Sie den ersten Tag hinzu!

MARC

LEADER 00000 a a2200000 04500
001 3663
003
040
100 |a Polendo Garza, José  
245 |a Regiones transfronterizas:   |b conceptos y experiencias internacionales /  |c José Polendo Garza ; Ismael Aguilar Barajas 
520 |a Con la finalidad de entender qué son y cómo se conforman las regiones fronterizas, se revisan los estudios especializados en el análisis del tema, para después evaluar la experiencia tanto europea como estadounidense, todo ello con el objetivo de identificar asuntos clave para la formulación de políticas públicas que vayan más allá de la atracción de flujos comerciales o de inversión, a la luz del proceso de integración regional entre el noreste de México y Texas  
650 |a FRONTERAS  
650 |a GOBERNABILIDAD  
650 |a ECONOMIA  
700 |a Aguilar Barajas, Ismael  
773 |g volumen 58, número 4; páginas 253-257  
999 |c 32851  |d 32851 
773 0 |0 18962  |9 9948  |a Banco Nacional de Comercio Exterior.  |d México, D.F Banco Nacional de Comercio Exterior. Departamento de Publicaciones  |o 05125  |t Comercio Exterior :